书目信息 |
| 题名: |
健身路径
|
|
| 作者: | 孙占峰 , 张楠 主编 | |
| 分册: | ||
| 出版信息: | 长春 吉林出版集团公司 2010.01 |
|
| 页数: | 122页 | |
| 开本: | 21cm | |
| 丛书名: | 全民健身项目指导用书 | |
| 单 册: | ||
| 中图分类: | G883 | |
| 科图分类: | ||
| 主题词: | 健身运动--jian shen yun dong--基本知识 | |
| 电子资源: | ||
| ISBN: | 978-7-5463-1449-5 | |
| 000 | 00824cam 2200253 450 | |
| 001 | CAL 012011017026 | |
| 005 | 20111230083845.64 | |
| 010 | @a978-7-5463-1449-5@dCNY8.00 | |
| 100 | @a20101102d2010 em y0chiy50 ea | |
| 101 | 0 | @achi |
| 102 | @aCN@b220000 | |
| 105 | @aa z 000yy | |
| 200 | 1 | @a健身路径@Ajian shen lu jing@f主编孙占峰, 张楠 |
| 210 | @a长春@c吉林出版集团公司@d2010.01 | |
| 215 | @a122页@c图@d21cm | |
| 225 | 2 | @a全民健身项目指导用书@Aquan min jian shen xiang mu zhi dao yong shu |
| 330 | @a本书内容包括概述、运动保健、健身路径锻炼方法等。 | |
| 410 | 0 | @12001 @a全民健身项目指导用书 |
| 606 | 0 | @a健身运动@Ajian shen yun dong@x基本知识 |
| 690 | @aG883@v4 | |
| 701 | 0 | @a孙占峰@Asun zhan feng@4主编 |
| 701 | 0 | @a张楠@Azhang nan@4主编 |
| 801 | 0 | @aCN@bZZRC@c20111230 |
| 905 | @aZUCC@dG883@eS980@f6 | |
| 健身路径/主编孙占峰, 张楠.-长春:吉林出版集团公司,2010.01 |
| 122页:图;21cm.-(全民健身项目指导用书) |
| ISBN 978-7-5463-1449-5:CNY8.00 |
| 本书内容包括概述、运动保健、健身路径锻炼方法等。 |
| ● |
| 相关链接 |
|
|
|
正题名:健身路径
索取号:G883/S980
 
预约/预借
| 序号 | 登录号 | 条形码 | 馆藏地/架位号 | 状态 | 备注 |
| 1 | 1189908 | 211899089 | 社科库409/409社科库 27排1列4层/ [索取号:G883/S980] | 在馆 | |
| 2 | 1189909 | 211899098 | 社科库409/422社科库 34排4列2层/ [索取号:G883/S980] | 在馆 | |
| 3 | 1189910 | 211899105 | 社科二线422/422社科库 31排3列1层/ [索取号:G883/S980] | 在馆 | |
| 4 | 1191000 | 211910002 | 社科二线422/422社科库 31排4列4层/ [索取号:G883/S980] | 在馆 | |
| 5 | 1191001 | 211910011 | 社科库409/422社科库 34排4列2层/ [索取号:G883/S980] | 在馆 | |
| 6 | 1191002 | 211910020 | 社科库409/422社科库 34排4列2层/ [索取号:G883/S980] | 在馆 |